Logo BPK

Biblioteka

Politechniki Koszalińskiej

North and South / (Rekord nr 47775)

Szczegóły MARC
000 -ETYKIETA REKORDU
podpole kontrolne o stałej długości 00352nam a2200145 i 4500
001 - NUMER KONTROLNY REKORDU
pole kontrolne bgj
040 ## - ŹRÓDŁO KATALOGOWANIA
Instytucja, która utworzyła rekord BPK
041 ## - KOD JĘZYKA
Kod języka tekstu eng
008 - POLE O STAŁEJ DŁUGOŚCI - DANE KONTROLNE
podpole kontrolne o stałej długości s uk f |000 0 eng
100 1# - NAZWA OSOBOWA
Nazwa osobowa GASKELL, Elizabeth.
245 #0 - TYTUŁ/ODPOWIEDZIALNOŚĆ
Tytuł North and South /
Pozostałe elementy strefy tytułu i oznaczenia odpowiedzialności Elizabeth Gaskell.
250 ## - STREFA WYDANIA
Oznaczenie wydania Penguin/Godfrey cave ed.
260 ## - STREFA ADRESU WYDAWNICZEGO
Miejsce wydania London [etc.],
Data publikacji, dystrybucji/powstania dokumentu 1994.
856 ## - LOKALIZACJA I DOSTĘP DO ELEKTRONICZNYCH DOKUMENTÓW ZDALNYCH
Link (URL) http://koha.tu.koszalin.pl/cgi-bin/koha/opac-detail.pl?biblionumber=47775
Tekst linku Katalog online BPK
942 ## - DODATKOWE ELEMENTY (KOHA)
Typ dokumentu Książka
Egzemplarze
Wycofany Status egzemplarza Uszkodzony Dostępność Lokalizacja stała Lokalizacja bieżąca Miejsce przechowywania Sygnatura Kod kreskowy Typ dokumentu
      Dostępny Biblioteka Politechniki Koszalińskiej Biblioteka Politechniki Koszalińskiej Wypożyczalnia Językowa KA 4456 09021075 Książka
© 2023 Biblioteka Politechniki Koszalińskiej :: KOHA